Write the Synopsis - Pixar Movies - Statistics

General Stats
  • This quiz has been taken 245 times
  • The average score is 28 of 53
Answers on the Map
Answers color-coded by a green-red scale on the quiz's map according to % correct below.
 
Answer Stats
Answer % Correct
A
97%
to
94%
rat
90%
the
86%
an
84%
toy
84%
cook
83%
with
82%
is
81%
Reef
74%
cowboy
71%
Great
71%
restaurant
71%
world
70%
in
68%
who
66%
and
64%
clownfish
64%
son
64%
family
60%
when
58%
at
56%
his
56%
boy
55%
life,
54%
as
53%
of
50%
on
49%
superheroes
49%
are
47%
him
47%
doll
46%
new
45%
room
44%
Paris
43%
makes
41%
Sydney
39%
After
37%
While
36%
home
35%
action
32%
bring
32%
into
32%
kitchen
32%
taken
32%
young
30%
spaceman
29%
out
23%
quiet
20%
top
20%
lead
18%
sets
18%
jealous
10%
No matching quizzes found
Score Distribution
Percent of People with Each Score
Percentile by Number Answered
Your Score History
You have not taken this quiz